[Event "Kragero Resort Chess A 2019"]
[Site "Kragero"]
[Date "2019.02.20"]
[Round "1.19"]
[White "Mihajlov, Sebastian"]
[Black "Schouten, Mathias Lind"]
[Result "1-0"]
[WhiteElo "2357"]
[BlackElo "1943"]
[Annotator "NA"]
[PlyCount "131"]
[EventDate "2019.02.20"]
[EventType "swiss"]
[EventCountry "NOR"]
[SourceTitle "playchess.com"]
[Source "ChessBase"]
[SourceQuality "1"]
[TimeControl "5400+30"]

1. d4 {[%emt 0:00:00]} Nf6 {[%emt 0:00:00]} 2. c4 {[%emt 0:00:05]} c5 {[%emt 0:00:00]} 3. d5 {[%emt 0:00:05]} b5 {[%emt 0:00:00]} 4. cxb5 {[%emt 0:00:05]} a6 {[%emt 0:00:17]} 5. f3 {[%emt 0:00:19]} axb5 {[%emt 0:07:23]} 6. e4 {[%emt 0:00:12]} Qa5+ {[%emt 0:01:54]} 7. Bd2 {[%emt 0:00:07]} b4 {[%emt 0:01:41]} 8. Na3 {[%emt 0:00:06]} Ba6 {[%emt 0:02:34]} 9. Nc4 {[%emt 0:04:18]} Bxc4 {[%emt 0:00:18]} 10. Bxc4 {[%emt 0:00:07]} Qc7 {[%emt 0:05:06]} 11. Ne2 {[%emt 0:06:41]} d6 {[%emt 0:00:22]} 12. O-O {[%emt 0:05:49]} Nbd7 {[%emt 0:00:05]} 13. Ng3 {[%emt 0:12:03]} g6 {[%emt 0:00:48]} 14. f4 {[%emt 0:00:08]} Bg7 {[%emt 0:00:09]} 15. Bb5 {[%emt 0:03:14]} O-O {[%emt 0:02:14]} 16. Bc6 {[%emt 0:02:06]} Ra7 {[%emt 0:01:11]} 17. Qb3 {[%emt 0:01:44]} Nb8 {[%emt 0:03:31]} 18. Bb5 {[%emt 0:00:07]} Qb6 {[%emt 0:00:08]} 19. Bc4 {[%emt 0:01:33]} Nbd7 {[%emt 0:00:46]} 20. Kh1 {[%emt 0:01:33]} Rfa8 {[%emt 0:05:19]} 21. Rfe1 {[%emt 0:06:38]} Ne8 {[%emt 0:00:15]} 22. Ne2 {[%emt 0:02:25]} Nc7 {[%emt 0:02:02]} 23. Be3 {[%emt 0:04:58]} Qa5 {[%emt 0:03:52]} 24. Qc2 {[%emt 0:02:05]} Nb6 {[%emt 0:05:33]} 25. Bb3 {[%emt 0:00:00]} Nb5 {[%emt 0:15:17]} 26. e5 {[%emt 0:03:55]} Rc7 {[%emt 0:05:01]} 27. Qe4 {[%emt 0:00:20]} Nd7 {[%emt 0:06:14]} 28. e6 {[%emt 0:01:53]} f5 {[%emt 0:00:16]} 29. Qc2 {[%emt 0:03:10]} Nb6 {[%emt 0:02:10]} 30. Rac1 {[%emt 0:05:41]} c4 {[%emt 0:02:30]} 31. Bxb6 {[%emt 0:00:29]} Qxb6 {[%emt 0:00:12]} 32. Bxc4 {[%emt 0:00:43]} Rac8 {[%emt 0:00:58]} 33. Qb3 {[%emt 0:18:22]} Bxb2 {[%emt 0:01:51]} 34. Rc2 {[%emt 0:05:23]} Nd4 {[%emt 0:07:32]} 35. Nxd4 {[%emt 0:00:20]} Bxd4 {[%emt 0:00:06]} 36. Rb1 {[%emt 0:01:23]} Rb8 {[%emt 0:00:19]} 37. Bd3 {[%emt 0:02:16]} Rc3 {[%emt 0:05:16]} 38. Rxc3 {[%emt 0:00:05]} bxc3 {[%emt 0:00:04]} 39. Qxb6 {[%emt 0:00:06]} Rxb6 {[%emt 0:00:04]} 40. Rxb6 {[%emt 0:00:05]} Bxb6 {[%emt 0:00:05]} 41. g3 {[%emt 0:02:01]} Kf8 {[%emt 0:02:18]} 42. Kg2 {[%emt 0:00:08]} Ke8 {[%emt 0:00:34]} 43. Kf3 {[%emt 0:00:19]} h5 {[%emt 0:01:12]} 44. h3 {[%emt 0:00:08]} Bd4 {[%emt 0:00:17]} 45. a4 {[%emt 0:04:03]} Kd8 {[%emt 0:00:23]} 46. a5 {[%emt 0:00:05]} Kc7 {[%emt 0:00:04]} 47. Ke2 {[%emt 0:00:05]} Kb7 {[%emt 0:00:29]} 48. Kf3 {[%emt 0:01:02]} c2 {[%emt 0:00:24]} 49. Bxc2 {[%emt 0:00:07]} Ka6 {[%emt 0:00:01]} 50. Ba4 {[%emt 0:00:08]} Kxa5 {[%emt 0:05:04]} 51. Be8 {[%emt 0:00:07]} Kb4 {[%emt 0:01:43]} 52. Bxg6 {[%emt 0:00:05]} Kc5 {[%emt 0:00:06]} 53. Bxh5 {[%emt 0:01:53]} Kxd5 {[%emt 0:00:06]} 54. Bf7 {[%emt 0:00:04]} Bf6 {[%emt 0:02:04]} 55. g4 {[%emt 0:00:11]} fxg4+ {[%emt 0:00:08]} 56. hxg4 {[%emt 0:00:05]} Kc5 {[%emt 0:02:05]} 57. g5 {[%emt 0:00:17]} Bh8 {[%emt 0:01:56]} 58. Kg4 {[%emt 0:01:59]} d5 {[%emt 0:00:15]} 59. Kh5 {[%emt 0:00:57]} d4 {[%emt 0:03:28]} 60. f5 {[%emt 0:00:05]} d3 {[%emt 0:01:37]} 61. Kh6 {[%emt 0:00:27]} Kd6 {[%emt 0:01:34]} 62. Bh5 {[%emt 0:00:28]} Ke5 {[%emt 0:00:24]} 63. Kg6 {[%emt 0:00:07]} d2 {[%emt 0:01:04]} 64. Bd1 {[%emt 0:00:06]} Kd6 {[%emt 0:00:35]} 65. Kf7 {[%emt 0:00:10]} Ke5 {[%emt 0:00:31]} 66. f6 {[%emt 0:00:06]} 1-0

[Event "Kragero Resort Chess A 2019"]
[Site "Kragero"]
[Date "2019.02.20"]
[Round "1.20"]
[White "Gudmundsson, Bjorgvin S"]
[Black "Miedema, David"]
[Result "0-1"]
[WhiteElo "1941"]
[BlackElo "2356"]
[Annotator "NA"]
[PlyCount "63"]
[EventDate "2019.02.20"]
[EventType "swiss"]
[EventCountry "NOR"]
[SourceTitle "playchess.com"]
[Source "ChessBase"]
[SourceQuality "1"]
[TimeControl "5400+30"]

1. d4 {[%emt 0:00:00]} Nf6 {[%emt 0:00:00]} 2. Nf3 {[%emt 0:00:00]} d5 {[%emt 0:00:00]} 3. c4 {[%emt 0:00:00]} e6 {[%emt 0:00:00]} 4. Nc3 {[%emt 0:00:16]} Bb4 {[%emt 0:00:06]} 5. Bg5 {[%emt 0:07:16]} dxc4 {[%emt 0:00:52]} 6. e3 {[%emt 0:02:01]} b5 {[%emt 0:00:25]} 7. a4 {[%emt 0:01:53]} c6 {[%emt 0:00:13]} 8. Be2 {[%emt 0:01:09]} Nbd7 {[%emt 0:03:15]} 9. Qc2 {[%emt 0:03:41]} Bb7 {[%emt 0:04:05]} 10. O-O {[%emt 0:01:52]} a6 {[%emt 0:01:35]} 11. Rfd1 {[%emt 0:07:34]} h6 {[%emt 0:09:17]} 12. Bh4 {[%emt 0:00:37]} Qb6 {[%emt 0:02:38]} 13. b3 {[%emt 0:00:30]} cxb3 {[%emt 0:04:47]} 14. Qxb3 {[%emt 0:29:09]} Bxc3 {[%emt 0:00:28]} 15. Qxc3 {[%emt 0:00:09]} b4 {[%emt 0:00:47]} 16. a5 {[%emt 0:12:50]} bxc3 {[%emt 0:04:53]} 17. axb6 {[%emt 0:00:06]} c5 {[%emt 0:01:44]} 18. Rdc1 {[%emt 0:12:13]} Nd5 {[%emt 0:08:07]} 19. e4 {[%emt 0:11:19]} N5xb6 {[%emt 0:01:14]} 20. Rxc3 {[%emt 0:01:22]} cxd4 {[%emt 0:00:12]} 21. Nxd4 {[%emt 0:00:06]} Bxe4 {[%emt 0:02:18]} 22. Rxa6 {[%emt 0:04:26]} O-O {[%emt 0:00:13]} 23. Rca3 {[%emt 0:00:18]} Rfc8 {[%emt 0:03:48]} 24. Rxa8 {[%emt 0:00:14]} Bxa8 {[%emt 0:00:04]} 25. Ra1 {[%emt 0:00:15]} Nd5 {[%emt 0:01:01]} 26. Bg3 {[%emt 0:00:20]} Nc3 {[%emt 0:00:40]} 27. Ba6 {[%emt 0:01:15]} Rc5 {[%emt 0:00:46]} 28. h3 {[%emt 0:01:05]} e5 {[%emt 0:09:10]} 29. Nf5 {[%emt 0:01:44]} Be4 {[%emt 0:01:55]} 30. Nd6 {[%emt 0:00:39]} Bd5 {[%emt 0:03:02]} 31. Nf5 {[%emt 0:00:34]} Be6 {[%emt 0:01:08]} 32. Ne3 {[%emt 0:01:07]} 0-1

[Event "Kragero Resort Chess A 2019"]
[Site "Kragero"]
[Date "2019.02.20"]
[Round "1.21"]
[White "Tryggestad, Andreas Garberg"]
[Black "Tunsjo, Axel"]
[Result "1-0"]
[WhiteElo "2351"]
[BlackElo "1937"]
[Annotator "NA"]
[PlyCount "81"]
[EventDate "2019.02.20"]
[EventType "swiss"]
[EventCountry "NOR"]
[SourceTitle "playchess.com"]
[Source "ChessBase"]
[SourceQuality "1"]
[TimeControl "5400+30"]

1. e4 {[%emt 0:00:00]} c5 {[%emt 0:00:00]} 2. Nf3 {[%emt 0:00:00]} e6 {[%emt 0:00:00]} 3. b3 {[%emt 0:00:00]} d6 {[%emt 0:01:02]} 4. c4 {[%emt 0:00:18]} Nf6 {[%emt 0:00:09]} 5. Nc3 {[%emt 0:00:04]} Nc6 {[%emt 0:02:37]} 6. Bb2 {[%emt 0:00:33]} e5 {[%emt 0:09:11]} 7. d3 {[%emt 0:01:40]} Be7 {[%emt 0:00:58]} 8. g3 {[%emt 0:00:22]} O-O {[%emt 0:04:15]} 9. Bg2 {[%emt 0:00:04]} Be6 {[%emt 0:02:02]} 10. O-O {[%emt 0:03:50]} h6 {[%emt 0:02:26]} 11. h3 {[%emt 0:05:30]} Qd7 {[%emt 0:03:18]} 12. Kh2 {[%emt 0:00:05]} Nh7 {[%emt 0:00:38]} 13. Nd2 {[%emt 0:04:49]} Ng5 {[%emt 0:07:50]} 14. f4 {[%emt 0:02:36]} exf4 {[%emt 0:06:48]} 15. gxf4 {[%emt 0:00:07]} Nxh3 {[%emt 0:12:53]} 16. f5 {[%emt 0:00:07]} Ng5 {[%emt 0:00:07]} 17. fxe6 {[%emt 0:00:55]} fxe6 {[%emt 0:00:02]} 18. Ne2 {[%emt 0:02:52]} Rxf1 {[%emt 0:01:40]} 19. Nxf1 {[%emt 0:01:09]} Rf8 {[%emt 0:00:24]} 20. Nfg3 {[%emt 0:04:20]} Rf2 {[%emt 0:02:14]} 21. Kg1 {[%emt 0:00:22]} Rf7 {[%emt 0:03:05]} 22. Qd2 {[%emt 0:21:28]} Nf3+ {[%emt 0:08:07]} 23. Bxf3 {[%emt 0:00:03]} Rxf3 {[%emt 0:00:53]} 24. Rf1 {[%emt 0:00:16]} Bg5 {[%emt 0:00:11]} 25. Qd1 {[%emt 0:00:10]} Qf7 {[%emt 0:02:02]} 26. Kg2 {[%emt 0:00:37]} Rxf1 {[%emt 0:00:27]} 27. Qxf1 {[%emt 0:00:03]} Qxf1+ {[%emt 0:03:12]} 28. Kxf1 {[%emt 0:00:08]} Nb4 {[%emt 0:02:43]} 29. d4 {[%emt 0:00:22]} Nxa2 {[%emt 0:02:30]} 30. dxc5 {[%emt 0:15:23]} dxc5 {[%emt 0:00:13]} 31. Nh5 {[%emt 0:00:09]} g6 {[%emt 0:03:53]} 32. Nhf4 {[%emt 0:00:05]} Kf7 {[%emt 0:04:29]} 33. Nd3 {[%emt 0:00:06]} b6 {[%emt 0:05:15]} 34. Ne5+ {[%emt 0:00:20]} Ke8 {[%emt 0:00:59]} 35. Nxg6 {[%emt 0:00:24]} Nb4 {[%emt 0:01:32]} 36. Bc3 {[%emt 0:02:00]} Nc6 {[%emt 0:03:36]} 37. Kg2 {[%emt 0:00:10]} Kf7 {[%emt 0:02:17]} 38. Ne5+ {[%emt 0:00:12]} Nxe5 {[%emt 0:00:57]} 39. Bxe5 {[%emt 0:00:02]} Ke7 {[%emt 0:00:54]} 40. Bb8 {[%emt 0:02:01]} Kd7 {[%emt 0:00:37]} 41. Bf4 {[%emt 0:00:07]} 1-0

[Event "Kragero Resort Chess A 2019"]
[Site "Kragero"]
[Date "2019.02.20"]
[Round "1.22"]
[White "Boe, Oeyvind"]
[Black "Vestby-Ellingsen, Mads"]
[Result "0-1"]
[WhiteElo "1908"]
[BlackElo "2343"]
[Annotator "NA"]
[PlyCount "88"]
[EventDate "2019.02.20"]
[EventType "swiss"]
[EventCountry "NOR"]
[SourceTitle "playchess.com"]
[Source "ChessBase"]
[SourceQuality "1"]
[TimeControl "5400+30"]

1. d4 {[%emt 0:00:00]} Nf6 {[%emt 0:00:00]} 2. Nf3 {[%emt 0:00:00]} g6 {[%emt 0:00:00]} 3. g3 {[%emt 0:00:00]} Bg7 {[%emt 0:00:01]} 4. Bg2 {[%emt 0:00:00]} d5 {[%emt 0:00:16]} 5. c4 {[%emt 0:00:50]} dxc4 {[%emt 0:00:13]} 6. Qa4+ {[%emt 0:01:20]} Nbd7 {[%emt 0:02:17]} 7. Qxc4 {[%emt 0:04:23]} O-O {[%emt 0:01:08]} 8. O-O {[%emt 0:00:07]} Nb6 {[%emt 0:04:32]} 9. Qb3 {[%emt 0:08:50]} Be6 {[%emt 0:03:19]} 10. Qc2 {[%emt 0:04:10]} Bf5 {[%emt 0:01:00]} 11. Qb3 {[%emt 0:00:14]} Be6 {[%emt 0:00:51]} 12. Qc2 {[%emt 0:00:09]} Bf5 {[%emt 0:00:10]} 13. Qb3 {[%emt 0:00:05]} c6 {[%emt 0:00:25]} 14. Nc3 {[%emt 0:01:08]} Ne4 {[%emt 0:02:02]} 15. Nh4 {[%emt 0:13:50]} Nxc3 {[%emt 0:02:35]} 16. bxc3 {[%emt 0:01:37]} Be6 {[%emt 0:00:27]} 17. Qc2 {[%emt 0:00:51]} Bc4 {[%emt 0:01:02]} 18. Nf3 {[%emt 0:04:08]} Re8 {[%emt 0:04:36]} 19. Rd1 {[%emt 0:03:57]} Nd7 {[%emt 0:16:55]} 20. Rb1 {[%emt 0:08:31]} Qc7 {[%emt 0:01:11]} 21. Bf4 {[%emt 0:10:36]} e5 {[%emt 0:01:36]} 22. dxe5 {[%emt 0:00:30]} Nxe5 {[%emt 0:00:39]} 23. Rd4 {[%emt 0:06:14]} Ba6 {[%emt 0:08:28]} 24. Nxe5 {[%emt 0:13:11]} Bxe5 {[%emt 0:00:15]} 25. e3 {[%emt 0:01:30]} Qa5 {[%emt 0:03:54]} 26. Bxe5 {[%emt 0:01:07]} Rxe5 {[%emt 0:00:37]} 27. Rbd1 {[%emt 0:08:33]} Rc5 {[%emt 0:02:14]} 28. c4 {[%emt 0:01:16]} Re8 {[%emt 0:02:04]} 29. Bf1 {[%emt 0:00:15]} Rce5 {[%emt 0:02:51]} 30. Qb3 {[%emt 0:02:23]} Qc5 {[%emt 0:01:33]} 31. Rd7 {[%emt 0:01:13]} h5 {[%emt 0:02:25]} 32. h4 {[%emt 0:00:32]} Rxe3 {[%emt 0:04:13]} 33. fxe3 {[%emt 0:01:23]} Rxe3 {[%emt 0:00:11]} 34. Rd8+ {[%emt 0:00:48]} Kh7 {[%emt 0:00:13]} 35. Rh8+ {[%emt 0:00:32]} Kxh8 {[%emt 0:00:14]} 36. Qb2+ {[%emt 0:00:06]} Kh7 {[%emt 0:00:22]} 37. Kh2 {[%emt 0:01:13]} Qe7 {[%emt 0:02:33]} 38. Qf2 {[%emt 0:00:56]} b6 {[%emt 0:04:56]} 39. Rd4 {[%emt 0:00:57]} Bc8 {[%emt 0:01:44]} 40. Qd2 {[%emt 0:01:54]} Bf5 {[%emt 0:02:58]} 41. Qf2 {[%emt 0:00:33]} Qe5 {[%emt 0:00:43]} 42. Rd8 {[%emt 0:00:14]} Kg7 {[%emt 0:02:17]} 43. Ra8 {[%emt 0:00:25]} Rc3 {[%emt 0:01:27]} 44. Rxa7 {[%emt 0:00:56]} Rc2 {[%emt 0:00:24]} 0-1

[Event "Kragero Resort Chess A 2019"]
[Site "Kragero"]
[Date "2019.02.20"]
[Round "1.23"]
[White "Gharibyan, Mamikon"]
[Black "Fivelstad, Jon Olav"]
[Result "1-0"]
[WhiteElo "2318"]
[BlackElo "1900"]
[Annotator "NA"]
[PlyCount "99"]
[EventDate "2019.02.20"]
[EventType "swiss"]
[EventCountry "NOR"]
[SourceTitle "playchess.com"]
[Source "ChessBase"]
[SourceQuality "1"]
[TimeControl "5400+30"]

1. Nf3 {[%emt 0:00:00]} Nf6 {[%emt 0:00:00]} 2. c4 {[%emt 0:00:30]} g6 {[%emt 0:01:09]} 3. b4 {[%emt 0:03:19]} Bg7 {[%emt 0:02:34]} 4. Bb2 {[%emt 0:01:02]} O-O {[%emt 0:01:43]} 5. g3 {[%emt 0:02:36]} c6 {[%emt 0:06:50]} 6. Bg2 {[%emt 0:02:04]} d5 {[%emt 0:00:45]} 7. cxd5 {[%emt 0:02:18]} cxd5 {[%emt 0:01:14]} 8. O-O {[%emt 0:00:08]} Qb6 {[%emt 0:12:24]} 9. a3 {[%emt 0:11:06]} Ne4 {[%emt 0:10:24]} 10. Bxg7 {[%emt 0:01:53]} Kxg7 {[%emt 0:00:02]} 11. d3 {[%emt 0:00:57]} Nf6 {[%emt 0:00:40]} 12. Nc3 {[%emt 0:01:44]} Nc6 {[%emt 0:08:34]} 13. Qb3 {[%emt 0:03:09]} Rd8 {[%emt 0:02:26]} 14. Na4 {[%emt 0:03:36]} Qc7 {[%emt 0:04:41]} 15. Rac1 {[%emt 0:03:25]} Qd6 {[%emt 0:02:22]} 16. Qc3 {[%emt 0:04:09]} a6 {[%emt 0:08:45]} 17. Nc5 {[%emt 0:18:43]} Kg8 {[%emt 0:02:42]} 18. Nd2 {[%emt 0:02:54]} Na7 {[%emt 0:04:31]} 19. Ncb3 {[%emt 0:09:23]} Bd7 {[%emt 0:04:54]} 20. Qc5 {[%emt 0:04:40]} Bc6 {[%emt 0:07:02]} 21. Qxd6 {[%emt 0:02:16]} Rxd6 {[%emt 0:00:26]} 22. Nc5 {[%emt 0:02:19]} Nb5 {[%emt 0:01:15]} 23. Ra1 {[%emt 0:03:02]} Nc3 {[%emt 0:04:58]} 24. Rfe1 {[%emt 0:05:30]} Na4 {[%emt 0:03:46]} 25. Ndb3 {[%emt 0:00:32]} Nxc5 {[%emt 0:00:42]} 26. bxc5 {[%emt 0:00:40]} Rdd8 {[%emt 0:02:06]} 27. Na5 {[%emt 0:00:16]} Rab8 {[%emt 0:00:33]} 28. Reb1 {[%emt 0:01:33]} Rbc8 {[%emt 0:02:23]} 29. d4 {[%emt 0:00:25]} Re8 {[%emt 0:00:23]} 30. Nxb7 {[%emt 0:04:44]} Bb5 {[%emt 0:01:02]} 31. e3 {[%emt 0:01:04]} Rc7 {[%emt 0:00:05]} 32. Na5 {[%emt 0:00:10]} e5 {[%emt 0:00:23]} 33. a4 {[%emt 0:00:04]} Bd3 {[%emt 0:01:16]} 34. Rb6 {[%emt 0:00:49]} Kg7 {[%emt 0:01:40]} 35. Rb7 {[%emt 0:03:06]} Rxb7 {[%emt 0:00:39]} 36. Nxb7 {[%emt 0:00:06]} exd4 {[%emt 0:00:16]} 37. exd4 {[%emt 0:00:09]} Ne4 {[%emt 0:01:01]} 38. Rc1 {[%emt 0:00:34]} Re7 {[%emt 0:00:35]} 39. Bxe4 {[%emt 0:00:18]} Bxe4 {[%emt 0:00:09]} 40. Nd6 {[%emt 0:00:39]} Bf3 {[%emt 0:00:22]} 41. c6 {[%emt 0:00:20]} Bg4 {[%emt 0:00:36]} 42. c7 {[%emt 0:00:11]} Re2 {[%emt 0:00:07]} 43. c8=Q {[%emt 0:00:23]} Bxc8 {[%emt 0:00:05]} 44. Rxc8 {[%emt 0:01:16]} Rd2 {[%emt 0:00:31]} 45. Rc6 {[%emt 0:01:04]} Rxd4 {[%emt 0:00:15]} 46. Rxa6 {[%emt 0:00:05]} Rb4 {[%emt 0:00:15]} 47. Kf1 {[%emt 0:01:25]} Rb2 {[%emt 0:00:20]} 48. a5 {[%emt 0:00:16]} d4 {[%emt 0:00:05]} 49. Nc4 {[%emt 0:00:52]} Rc2 {[%emt 0:00:33]} 50. Ne5 {[%emt 0:00:10]} 1-0

[Event "Kragero Resort Chess A 2019"]
[Site "Kragero"]
[Date "2019.02.20"]
[Round "1.24"]
[White "Unneland, Mathias"]
[Black "Hobber, Anders"]
[Result "1-0"]
[WhiteElo "1890"]
[BlackElo "2312"]
[Annotator "NA"]
[PlyCount "91"]
[EventDate "2019.02.20"]
[EventType "swiss"]
[EventCountry "NOR"]
[SourceTitle "playchess.com"]
[Source "ChessBase"]
[SourceQuality "1"]
[TimeControl "5400+30"]

1. d4 {[%emt 0:00:00]} d5 {[%emt 0:00:00]} 2. c4 {[%emt 0:00:00]} c6 {[%emt 0:00:00]} 3. Nc3 {[%emt 0:00:00]} Nf6 {[%emt 0:00:00]} 4. Nf3 {[%emt 0:00:07]} a6 {[%emt 0:00:06]} 5. e3 {[%emt 0:00:37]} Bf5 {[%emt 0:00:34]} 6. Be2 {[%emt 0:01:11]} e6 {[%emt 0:01:34]} 7. O-O {[%emt 0:00:52]} Nbd7 {[%emt 0:01:02]} 8. Bd2 {[%emt 0:04:03]} Bd6 {[%emt 0:02:24]} 9. Rc1 {[%emt 0:13:19]} h6 {[%emt 0:07:29]} 10. Qb3 {[%emt 0:02:26]} Rb8 {[%emt 0:03:35]} 11. cxd5 {[%emt 0:05:07]} exd5 {[%emt 0:00:51]} 12. Na4 {[%emt 0:03:51]} Qe7 {[%emt 0:05:24]} 13. Nb6 {[%emt 0:11:59]} Nxb6 {[%emt 0:05:12]} 14. Qxb6 {[%emt 0:00:09]} Ne4 {[%emt 0:02:31]} 15. Ba5 {[%emt 0:01:47]} O-O {[%emt 0:03:31]} 16. a3 {[%emt 0:07:16]} Bg4 {[%emt 0:06:35]} 17. h3 {[%emt 0:03:42]} Bh5 {[%emt 0:09:07]} 18. Rce1 {[%emt 0:02:06]} Rfe8 {[%emt 0:08:27]} 19. Nd2 {[%emt 0:04:06]} Bxe2 {[%emt 0:03:18]} 20. Rxe2 {[%emt 0:00:42]} Nxd2 {[%emt 0:03:06]} 21. Bxd2 {[%emt 0:01:01]} Qd7 {[%emt 0:00:25]} 22. Ba5 {[%emt 0:03:08]} Re6 {[%emt 0:02:27]} 23. Qb3 {[%emt 0:02:15]} Rbe8 {[%emt 0:01:07]} 24. Rfe1 {[%emt 0:02:59]} Bb8 {[%emt 0:03:06]} 25. Qd3 {[%emt 0:02:23]} Qd6 {[%emt 0:01:45]} 26. g3 {[%emt 0:01:55]} Re4 {[%emt 0:01:12]} 27. Rf1 {[%emt 0:00:47]} h5 {[%emt 0:07:00]} 28. Be1 {[%emt 0:00:27]} Qe6 {[%emt 0:01:53]} 29. Kg2 {[%emt 0:01:00]} h4 {[%emt 0:00:48]} 30. Bd2 {[%emt 0:00:39]} hxg3 {[%emt 0:00:47]} 31. fxg3 {[%emt 0:01:08]} g6 {[%emt 0:04:08]} 32. Rf3 {[%emt 0:01:17]} f5 {[%emt 0:01:18]} 33. Ref2 {[%emt 0:01:00]} Qf6 {[%emt 0:01:59]} 34. h4 {[%emt 0:02:02]} Rg4 {[%emt 0:00:50]} 35. h5 {[%emt 0:00:58]} Qh4 {[%emt 0:01:24]} 36. hxg6 {[%emt 0:01:33]} Rxg3+ {[%emt 0:04:54]} 37. Rxg3 {[%emt 0:01:11]} Bxg3 {[%emt 0:01:59]} 38. Rxf5 {[%emt 0:01:54]} Qh2+ {[%emt 0:00:56]} 39. Kf1 {[%emt 0:02:12]} Re4 {[%emt 0:00:42]} 40. Rf7 {[%emt 0:02:06]} Bh4 {[%emt 0:02:31]} 41. Bb4 {[%emt 0:03:30]} Qh3+ {[%emt 0:03:51]} 42. Ke2 {[%emt 0:00:12]} Bg5 {[%emt 0:00:09]} 43. Bd2 {[%emt 0:02:07]} Qh5+ {[%emt 0:00:24]} 44. Rf3 {[%emt 0:01:48]} Rg4 {[%emt 0:00:47]} 45. Qf5 {[%emt 0:00:36]} Rg2+ {[%emt 0:00:44]} 46. Kd3 {[%emt 0:00:08]} 1-0

[Event "Kragero Resort Chess A 2019"]
[Site "Kragero"]
[Date "2019.02.20"]
[Round "1.25"]
[White "Ingebretsen, Jens E"]
[Black "Kreken, Eivind Grunt"]
[Result "1-0"]
[WhiteElo "2297"]
[BlackElo "1887"]
[Annotator "NA"]
[PlyCount "155"]
[EventDate "2019.02.20"]
[EventType "swiss"]
[EventCountry "NOR"]
[SourceTitle "playchess.com"]
[Source "ChessBase"]
[SourceQuality "1"]
[TimeControl "5400+30"]

1. e4 {[%emt 0:00:00]} d6 {[%emt 0:00:00]} 2. d4 {[%emt 0:00:00]} Nf6 {[%emt 0:00:00]} 3. Bd3 {[%emt 0:00:05]} g6 {[%emt 0:00:18]} 4. Nf3 {[%emt 0:00:09]} Bg7 {[%emt 0:00:08]} 5. c3 {[%emt 0:00:03]} O-O {[%emt 0:00:30]} 6. O-O {[%emt 0:00:07]} c5 {[%emt 0:02:19]} 7. Nbd2 {[%emt 0:01:24]} cxd4 {[%emt 0:00:21]} 8. cxd4 {[%emt 0:00:37]} Nc6 {[%emt 0:00:04]} 9. d5 {[%emt 0:01:56]} Nb4 {[%emt 0:00:30]} 10. Nb3 {[%emt 0:00:47]} e6 {[%emt 0:12:59]} 11. dxe6 {[%emt 0:02:43]} Bxe6 {[%emt 0:01:02]} 12. Bg5 {[%emt 0:02:35]} h6 {[%emt 0:11:41]} 13. Bf4 {[%emt 0:02:24]} Nh5 {[%emt 0:05:32]} 14. Be3 {[%emt 0:00:37]} Rc8 {[%emt 0:05:00]} 15. Nfd4 {[%emt 0:02:02]} Nxd3 {[%emt 0:02:57]} 16. Nxe6 {[%emt 0:00:38]} Nxb2 {[%emt 0:01:03]} 17. Nxd8 {[%emt 0:02:15]} Nxd1 {[%emt 0:00:16]} 18. Raxd1 {[%emt 0:00:11]} Rcxd8 {[%emt 0:01:26]} 19. Bxa7 {[%emt 0:01:16]} Ra8 {[%emt 0:00:34]} 20. Be3 {[%emt 0:00:12]} Ra6 {[%emt 0:01:17]} 21. Rd2 {[%emt 0:01:27]} Rfa8 {[%emt 0:12:19]} 22. Rfd1 {[%emt 0:00:49]} Bf8 {[%emt 0:01:30]} 23. Nc1 {[%emt 0:01:43]} Nf6 {[%emt 0:00:28]} 24. f3 {[%emt 0:01:53]} Nd7 {[%emt 0:04:44]} 25. Rb2 {[%emt 0:00:58]} b6 {[%emt 0:01:59]} 26. Rd5 {[%emt 0:01:04]} Ra5 {[%emt 0:07:23]} 27. Rdb5 {[%emt 0:04:44]} Rxb5 {[%emt 0:01:38]} 28. Rxb5 {[%emt 0:00:02]} Ra5 {[%emt 0:00:44]} 29. Rxa5 {[%emt 0:02:34]} bxa5 {[%emt 0:00:15]} 30. a4 {[%emt 0:01:10]} Nc5 {[%emt 0:05:45]} 31. Bxc5 {[%emt 0:00:07]} dxc5 {[%emt 0:00:06]} 32. Kf1 {[%emt 0:00:23]} c4 {[%emt 0:00:52]} 33. Ke2 {[%emt 0:00:14]} Bg7 {[%emt 0:02:42]} 34. Kd2 {[%emt 0:00:49]} Kf8 {[%emt 0:00:18]} 35. Ne2 {[%emt 0:01:10]} Ke7 {[%emt 0:01:26]} 36. Nc3 {[%emt 0:01:41]} Kd6 {[%emt 0:00:40]} 37. Kc2 {[%emt 0:01:27]} Kc5 {[%emt 0:00:21]} 38. Nd5 {[%emt 0:00:08]} h5 {[%emt 0:00:56]} 39. h3 {[%emt 0:01:40]} c3 {[%emt 0:12:57]} 40. Kb3 {[%emt 0:02:25]} Kd4 {[%emt 0:02:13]} 41. Nxc3 {[%emt 0:01:02]} Ke3 {[%emt 0:00:43]} 42. Nd1+ {[%emt 0:02:30]} Kd2 {[%emt 0:00:35]} 43. Nb2 {[%emt 0:02:55]} Bxb2 {[%emt 0:01:26]} 44. Kxb2 {[%emt 0:00:01]} Ke2 {[%emt 0:00:12]} 45. Kc3 {[%emt 0:15:04]} Kf2 {[%emt 0:00:11]} 46. Kc4 {[%emt 0:15:59]} Kxg2 {[%emt 0:00:14]} 47. Kb5 {[%emt 0:02:29]} Kxh3 {[%emt 0:01:21]} 48. Kxa5 {[%emt 0:00:04]} Kg2 {[%emt 0:00:15]} 49. Kb6 {[%emt 0:01:28]} h4 {[%emt 0:00:07]} 50. a5 {[%emt 0:00:03]} h3 {[%emt 0:00:11]} 51. a6 {[%emt 0:00:03]} h2 {[%emt 0:00:19]} 52. a7 {[%emt 0:00:03]} h1=Q {[%emt 0:00:09]} 53. a8=Q {[%emt 0:00:08]} Qb1+ {[%emt 0:00:22]} 54. Kc7 {[%emt 0:01:29]} Qc2+ {[%emt 0:00:10]} 55. Kd6 {[%emt 0:02:05]} Kxf3 {[%emt 0:00:46]} 56. e5+ {[%emt 0:00:12]} Qe4 {[%emt 0:00:24]} 57. Qa3+ {[%emt 0:00:50]} Kg4 {[%emt 0:01:30]} 58. Qc5 {[%emt 0:01:16]} Kf4 {[%emt 0:01:30]} 59. Qf2+ {[%emt 0:00:57]} Qf3 {[%emt 0:00:37]} 60. Qh4+ {[%emt 0:01:07]} Qg4 {[%emt 0:00:23]} 61. Qf2+ {[%emt 0:04:08]} Qf3 {[%emt 0:00:14]} 62. Qh2+ {[%emt 0:01:09]} Qg3 {[%emt 0:00:24]} 63. Qh6+ {[%emt 0:00:46]} Qg5 {[%emt 0:00:58]} 64. Qh8 {[%emt 0:00:07]} Kf5 {[%emt 0:00:58]} 65. Qc8+ {[%emt 0:00:57]} Kf4 {[%emt 0:00:25]} 66. Qc4+ {[%emt 0:00:18]} Kf3 {[%emt 0:00:31]} 67. Qxf7+ {[%emt 0:00:14]} Ke4 {[%emt 0:00:32]} 68. Qc4+ {[%emt 0:01:39]} Kf3 {[%emt 0:00:43]} 69. Qd3+ {[%emt 0:01:41]} Kf2 {[%emt 0:00:26]} 70. Qc2+ {[%emt 0:01:01]} Kf3 {[%emt 0:00:15]} 71. Qc6+ {[%emt 0:00:51]} Kf2 {[%emt 0:00:14]} 72. e6 {[%emt 0:00:47]} Qd8+ {[%emt 0:00:33]} 73. Qd7 {[%emt 0:00:21]} Qb6+ {[%emt 0:00:11]} 74. Ke7 {[%emt 0:00:12]} Qb4+ {[%emt 0:00:20]} 75. Ke8 {[%emt 0:00:46]} Qb8+ {[%emt 0:00:11]} 76. Qd8 {[%emt 0:00:24]} Qb5+ {[%emt 0:00:10]} 77. Kf7 {[%emt 0:00:08]} Qf5+ {[%emt 0:00:09]} 78. Qf6 {[%emt 0:00:06]} 1-0